Five-Letter African Countries Quiz Stats

 Plays Quiz Updated Nov 15, 2019

Score 0/8 Timer 02:00
9 Plays Today
% Correct
Egypt
86.3%
Libya
77.9%
Sudan
76.7%
Benin
72.8%
Niger
72.7%
Kenya
68.1%
Ghana
66.2%
Gabon
59%

You're not logged in!

Compare scores with friends on all Sporcle quizzes.
OR
Log In

Sporcle TV

Today on Sporcle TV


Watch our educational content, quiz creation guides, and fun videos on Sporcle TV.

Show Comments

Extras

Top Quizzes Today


Score Distribution

Your Account Isn't Verified!

In order to create a playlist on Sporcle, you need to verify the email address you used during registration. Go to your Sporcle Settings to finish the process.

Report this User

Report this user for behavior that violates our Community Guidelines.

Details: